000 00895nas a2200265Ia 4500
001 dp5/14-33663
003 IT-MiCISF
008 161014c99999999xx |||||||||||| ||und||
040 _aIT-MiCISF
_cIT-MiCISF
041 _aITALIANO
100 _aGismondi Gualberto
210 _aConvivium Assisiense
222 _aConvivium Assisiense
245 0 _aDialogo intergenerazionale: componenti e dimensioni culturali
_bUn'analisi sulla vita consacrata e familiare
250 _a1a ed.
260 _c2001
501 _bCISF - Centro Internazionale Studi Famiglia - Via Giotto, 36 20145 MILANO (non commercial uses only)
_cCopyright 2016
300 _app. 77-108
362 _a n. 1, gennaio-giugno [2001]
500 _a Tema: operatori-pastorali, famiglia, società, chiesa, teologia
650 _aPASTORALE
_varticolo
700 _aAA.VV.
942 _cCR
957 _71
999 _a33663
_bSi
_g1
_c218703
_d218703